000 01887nam a22002897a 4500
008 240604t2024 xxk|||||o|||| 00| 0 eng d
041 _aeng
041 _acn
041 _afr
041 _aes
041 _ade
100 _aHutchinson, Sarah
110 _aRoyal Institution of Chartered Surveyors
245 _aReview of entry and assessment for RICS membership:
_bfinal report
_h[Electronic resource]
260 _aLondon,
_bRoyal Institution of Chartered Surveyors,
_cJune 2024
300 _a42p.
520 _aThis report is the culmination of an extensive review, including consultation and research with RICS members, candidates, employers and other stakeholders, overseen by the RICS Entry and Assessment Steering Group (EASG). The recommendations in the RICS Entry and Assessment Review are based on extensive feedback drawn from more than 900 survey responses and 130 roundtables with more than 1,000 participants over the past two years. No decisions have been made. The publication of the report is the next stage in this important process and an opportunity for members to respond. Executive summaries with recommendations are available in German, Spanish, French and Chinese. The report is accompanied by a Q&A plus Professional Membership Bodies - An overview of entry and progression into other professions.
520 _aConsultation open 4 June 2024 to 28 August 2024
650 _aPROFESSIONAL DEVELOPMENT
650 _aAPC
651 _aInternational
690 _aRICS
_96277
710 _aRoyal Institution of Chartered Surveyors
856 _uhttps://www.rics.org/profession-standards/standards-of-qualification/review-of-entry-and-assessment-into-the-profession
_zAvailable free on RICS.org
856 _uhttps://consultations.rics.org/entryandassessreview_2024/consultationHome
_zConsultation available from RICS iconsult here
942 _n0
999 _c121946
_d121946